zpět

Detail výsledku týmu

Le fakap - Vypich, Praha

Datum a čas kvízu

18 Celkem bodů Celkový počet nahraných bodů na tomto kvízu bez doplňovacích otázek.
6. Pořadí na kvízu Konečné umístění týmu na tomto kvízu.

Zaznamenané odpovědi

# Otázka Odpověď Body Výsledky
1. Evergreenem novoročních aktual... 4 děti 1
2. Sídlo parlamentu jisté země za... Jihoafrická republika 0
3. V Lomnici na Brněnsku koncerto... Moravanka 0
4. Ministr zdravotnictví Vlastimi... Miroslava Kalouska 1
5. Česká juniorská reprezentace b... Rusko 0
6. V tomto tématu se podíváme pod... kryptozoologie 0
7. Jistý žijící tvor, australský... ptakopysk (podivný) 1
8. Olgoj chorchoj je mytický píse... Gobi 0
9. Jako Yettiho označujeme dvouno... bigfoot (seskveč, sasquatch) 1
10. Medúza je bytost z řecké mytol... Versace 0